000 00677nam a2200205 i 4500
001 24262
003 ES-MaACL
005 20251016163150.0
007 t|
008 021216s1967 sp ||||1| spa d
080 _a86-1"19"
100 1 _aAmpuero y del Río, Ramón de.
_921339
245 1 0 _aHitos /
_cRamón de Ampuero y del Río ; prólogo del P. Félix García ; epílogo de Francisco Javier Martín Abril.
260 _aMadrid :
_bEspasa-Calpe,
_c1967.
300 _a148 p. ;
_c23 cm.
700 1 _aGarcía, Félix,
_d1897-1983
_9172116
700 1 _aMartín Abril, Francisco Javier,
_d1908-
_977381
852 _aES-MaACL
_jC-32573
999 _c24262
_d24262